Statistiques concernant Chevaux de fiction en images

Cliquez ici pour prendre le quiz!

Statistiques générales

  • Ce quiz a été pris 188 fois
  • Le résultat moyen est 5 sur 20

Statistiques - réponses

Réponse% Correct
Jolly Jumper
79%
Spirit
78%
Petit Tonnerre
66%
Ponyta
64%
Maximus
43%
Tornado
43%
Bojack Horseman
33%
Pile-Poil
31%
Epona
25%
Gripoil
12%
Philibert
11%
Arabesque
6%
Ablette
5%
Artax
3%
Capitaine
3%
Furious D.
3%
Crindombre
2%
Agro
1%
Oncle Alfred
1%
Yahya
1%

Distribution des résultats

Percentile par nombre de réponses

% des personnes avec chaque résultat

Votre développement - résultats

Vous n’avez pas pris ce quiz